000
00320nam a22001577a 4500
003
SGT
020
_a
9789386070920
082
_a
530
_b
PIL
100
_a
PILLAI,S.O
245
_a
SOLID STATE PHYSICS
250
_a
8TH
260
_b
NEW AGE
_c
2018
300
_a
887
650
_a
PHYSICAL SCIENCE
942
_2
ddc
_c
BK
_0
38
999
_c
16396
_d
16396